[Event "Lee Cup 4th"]
[Site "Beijing"]
[Date "1997.08.25"]
[Round "3"]
[White "Yakovich, Yuri"]
[Black "Liang, Chong"]
[Result "1-0"]
[WhiteElo "2610"]
[BlackElo "2360"]
[Annotator "Avrukh,B"]
[PlyCount "79"]
[EventDate "1997.08.23"]
[EventType "swiss"]
[EventRounds "11"]
[EventCountry "CHN"]
[SourceTitle "CBM 061"]
[Source "ChessBase"]
[SourceDate "1997.11.23"]
[SourceVersion "1"]
[SourceVersionDate "1997.11.23"]
[SourceQuality "1"]

1. d4 Nf6 2. c4 e6 3. Nf3 Bb4+ 4. Nbd2 b6 5. a3 Bxd2+ 6. Qxd2 Bb7 7. e3 a5 8.
b3 O-O 9. Be2 Ne4 $146 (9... d6 10. O-O Nbd7 11. Bb2 Qe7 (11... Ne4 12. Qc2 (
12. Qd3 f5 13. Nd2 e5 14. f3 Nxd2 15. Qxd2 Qe7 16. Rac1 e4 17. d5 exf3 18. Rxf3
Ne5 19. Rf4 Ng6 $11 {1/2-1/2 Miles,A-Seirawan,Y/USA-ch 1988 (29)}) 12... f5 13.
Ne1 Qg5 14. Bc1 Qg6 15. f3 Ng5 16. Nd3 c5 17. Qc3 Nf7 18. Nf2 Rae8 19. Bb2 cxd4
20. exd4 e5 21. d5 Qf6 $13 {Chevallier,D-Kosten,A/FRA-chT 1993/0-1 (55)}) (
11... c5 12. Rad1 Rc8 13. dxc5 Ne4 14. Qc2 bxc5 15. Nd2 Nef6 16. Nb1 Be4 17.
Qc1 Qb6 18. Nc3 Ba8 19. Nb5 d5 20. Qc3 Bc6 21. a4 Rfd8 $11 {1/2-1/2 Franco,
Z-Kurajica,B/San Sebastian op 1994 (28)}) 12. Rad1 Rfd8 13. Qc2 Rac8 14. b4
axb4 15. axb4 c5 16. Qb3 d5 17. bxc5 dxc4 18. Qxc4 bxc5 19. Ba3 Bd5 20. Qc1 {
1/2-1/2 Yakovich,Y-Adams,M/Open Koge DEN 1997}) 10. Qc2 f5 (10... Ng5 $2 11.
O-O Nxf3+ 12. gxf3 Qg5+ 13. Kh1 Qf6 14. Qd1 d5 15. cxd5 $16) 11. O-O d6 12. Ne1
{[%cal Gf2f3,Ge1d3]} Nd7 13. f3 Nef6 14. Nd3 c5 $2 {[%csl Gd6]} ({better was} 
14... Qe7 15. Bb2 e5 16. dxe5 dxe5 17. Nf2 $14) 15. Bb2 Qe7 16. Rad1 e5 (16...
a4 17. b4 (17. bxa4 $6 Bc6 $132) 17... cxb4 18. Nxb4 Rfc8 19. Qd3 $16 {[%csl
Ga4,Gb6]}) 17. dxe5 dxe5 18. Nf2 {[%csl Gf5]} Qe6 (18... e4 {[%csl Gb2]} 19. f4
Rfd8 20. Rd2 Nf8 21. Rfd1 Ne6 22. g4 $1 $16) 19. Rd2 $1 {[%cal Gf1d1,Gd2d6]}
Nb8 (19... a4 20. Rfd1 axb3 21. Qxb3 $16) 20. Rfd1 Nc6 (20... Ne8 21. Qc3 $1 (
21. e4 f4 $1 {[%cal Gb8c6,Gc6d4]}) (21. Bc3 Nc6 22. Qb2 {[%csl Ge5][%cal Gf2d3]
} Nf6 23. Rd6 Qe7 {and black is O.K.}) (21. f4 Qg6 $1 (21... Nc6 22. Bf3 e4 23.
Be2 $16 {[%cal Gg2g4,Gc2c3]}) 22. Bf1 Bf3 (22... e4 23. Be2) 23. Re1 e4 24. Kh1
Bh5 25. h3 $14) 21... Nc6 22. Nd3 $16) 21. Rd6 Qe7 22. Qxf5 Ne8 (22... Nd4 23.
exd4 Qxd6 24. dxe5 Qe7 25. Qg5 $1 $18 (25. Bd3 Ne4)) (22... Nd5 23. Qd7 Nxe3
24. Qxe7 Nxe7 25. Rd7 $18 (25. R1d3 $18)) 23. Qe6+ Qxe6 24. Rxe6 Kf7 25. Rxc6
Bxc6 26. Ng4 $1 Ke7 27. Nxe5 Rc8 28. e4 Nf6 29. Nxc6+ (29. g4 Rfd8) 29... Rxc6
30. e5 Nh5 (30... Nd7 $142 31. Bd3 (31. Rd5 Re6 32. g3 g5 33. Kf2 $16 {[%cal
Ge2d3,Gd3e4,Gf2e3,Gf3f5,Gf3f4]}) (31. g3 $5) 31... Re6 32. Be4 $1 Nxe5 33. Bd5
Rd8 34. Rb1 $1 $18) 31. g3 g6 32. Bc1 $1 Rf5 (32... Ng7 33. Bg5+ (33. Bh6 Rf7
34. Bg5+ Ke6 35. f4 Rd7) 33... Kf7 34. f4 Ne6 35. Bf3 Rc7 36. Bd5 $18) 33. f4 {
[%cal Ge2g4]} Ng7 34. Bf3 (34. Bg4 Rf7) 34... Rc8 (34... Rc7 35. Rd6 {[%csl
Gb6]} Rf8 36. Rxb6 Nf5 37. Bd5 Nd4 38. Be3 $18 {[%cal Gb3b4]}) 35. Bg4 $18 Rd8
36. Rxd8 Kxd8 37. Bxf5 gxf5 38. Kg2 Ke7 39. Bd2 Kf7 40. b4 1-0

[Event "Olympiad-33"]
[Site "Elista"]
[Date "1998.10.01"]
[Round "3.1"]
[White "Jussupow, Artur"]
[Black "Rozentalis, Eduardas"]
[Result "1-0"]
[WhiteElo "2640"]
[BlackElo "2575"]
[Annotator "Avrukh,B"]
[PlyCount "53"]
[EventDate "1998.09.29"]
[EventType "team-swiss"]
[EventRounds "13"]
[EventCountry "RUS"]
[SourceTitle "CBM 068"]
[Source "ChessBase"]
[SourceDate "1999.02.01"]
[SourceVersion "1"]
[SourceVersionDate "1999.02.01"]
[SourceQuality "1"]
[WhiteTeam "Germany"]
[BlackTeam "Lithuania"]
[WhiteTeamCountry "GER"]
[BlackTeamCountry "LTU"]

1. d4 {Baburin} Nf6 2. Nf3 e6 3. e3 b6 4. Bd3 Bb7 5. O-O c5 6. c4 Be7 7. Nc3
cxd4 8. exd4 d6 {'?!' Baburin. Baburin: 'This move leads to unfavourable pawn
structure and therefore 8...d5 would have been better.'} 9. d5 (9. Re1 {
another line here.}) 9... e5 {Baburin: 'Here the problem is not only in
Black's pawn formation, but also in the placement of his pieces: the b7-bishop
observes a wall, while the other bishop is locked up inside Black's pawn chain.
Black needs to have his pawn on f5, but this would take a lot of time to
achieve.'} 10. Ng5 $5 {[%cal Gf2f4]} ({Another plan - play on the queenside -
was tried in the game Malaniuk-Lisenko, Ekaterinburg 1997 and led to White's
advantage after} 10. Re1 {Baburin} Nbd7 11. Rb1 O-O 12. b4 Rc8 13. Nd2 a6 14.
a4 Ne8 15. Nb3 f5 16. Bf1 Rf7 17. Bd2 Bf6 18. a5 bxa5 19. Nxa5 Ba8 20. Qa4)
10... Nbd7 $6 {After this move black's position becomes very unpleasant, the
queenside piecies is out of the game and white can gradually to create srong
intiative on the kingside.} (10... O-O 11. f4 exf4 $2 (11... Nbd7) 12. Bxf4
Nbd7 13. Qf3 {[%cal Gf3h3]} Re8 (13... Ne5 14. Bxe5 dxe5 15. Nge4 $1 (15. Qh3
h6) 15... Nd7 16. Qh3 g6 17. d6 Bg5 18. Nxg5 Qxg5 19. Be4 $18) 14. Qh3 Nf8 15.
Rae1 a6 16. Bd2 Qc8 17. Qh4 h6 18. Nxf7 $1 Kxf7 19. Bxh6 $1 gxh6 20. Rxe7+ $1
$18 {Hoi,C-Nielsen,U/Gausdal/1990/}) (10... h6 $142 $5 11. Nge4 Nxe4 12. Bxe4 (
12. Nxe4 $142 O-O {Baburin: 'trying to give way to Black's f-pawn.'} 13. Ng3 $1
$14 {[%cal Gg3f5] looks very promising for white.} (13. f4 f5 14. Nc3 e4 15.
Be2 Bf6 {and black is not worse.}) (13. Qh5 f5)) 12... O-O 13. f4 (13. Qg4 Bg5
(13... Kh8 $2 14. Bxh6 $1 gxh6 15. Qf5) (13... Bc8 14. Bf5 Bxf5 15. Qxf5 Qc8
16. Qd3 $14) 14. Bxg5 hxg5 {[%cal Gg7g6]} 15. h4 gxh4 16. Qh5 g6 17. Bxg6 fxg6
18. Qxg6+ Kh8 19. Qh6+ $11) 13... Nd7 14. f5 Bg5 $1 15. Bxg5 Qxg5 16. Rf3 Nf6
$11 {0-1 Berkell,P-Rashkovsky,N/Stockholm 1988/CBM 11 (40)}) 11. f4 {'!'
Baburin.} Rc8 $6 (11... a6 12. Qe2 (12. b3) 12... Qc7 13. Kh1 h5 $6 14. Bd2 h4
15. Rae1 g6 16. f5 gxf5 17. Rxf5 $16 {[%csl Re8] 1-0 Eingorn,V-Psakhis,L/Riga
1980/MCL 05 (25)}) (11... Nc5 12. fxe5 (12. Bc2 $142) 12... dxe5 13. Bxh7 $1 {
very interesting tactical resourse.} Ba6 (13... Rxh7 14. Nxh7 (14. Rxf6 $16)
14... Nxh7 15. Qh5 Nf6 16. Qh8+ Bf8 17. Bg5 $16) 14. Bd3 $2 (14. b3 $1 $16)
14... Nxd3 15. Qxd3 Qc7 {[%csl Rh2][%cal Ge5e4]} 16. Qg3 Qxc4 17. Be3 Bd6 $2 (
17... Qg4 $1) 18. Ne6 $1 $40 {1-0 Tal,M-Auer,M/Porz 1991/EXT 91op (31)}) (11...
g6 $2 12. f5 h6 (12... O-O 13. fxg6 hxg6 14. Qe1 $40 {[%cal Ge1h4]}) 13. Ne6 $1
fxe6 $2 (13... Qc8 $1 14. Qa4 g5 15. Nb5 fxe6 16. fxe6 Nc5 17. Nxd6+ Kd8 18.
Nf7+ Kc7 19. Qc2 $16) 14. fxe6 Nf8 15. Qa4+ N6d7 16. c5 $1 Bc8 (16... bxc5 17.
exd7+ Qxd7 (17... Nxd7 18. Bxg6#) 18. Bb5) 17. exd7+ {. 1-0 Polgar,Z-Hracek,Z/
Stara Zagora 1990/CBM 17/[Polgar,Zsu] (17)} (17. exd7+ Bxd7 18. c6 Bf5 19. c7+
Qd7 20. Bb5 $18)) (11... O-O $142) 12. b3 $146 {[%mdl 8]} (12. Qe2 h6 13. Nf3
O-O 14. Nh4 $6 {[%mdl 8192]} (14. fxe5 dxe5 15. Nxe5 Bc5+ 16. Kh1 Re8 17. Nxd7
Nxd7 (17... Rxe2 $2 18. Nxf6+ gxf6 19. Nxe2 $16 {[%cal Ge2g3,Gg3f5]}) 18. Ne4
Bd4 $14 {[%cal Gb6b5]}) (14. Bd2 $5 {[%cal Ga1e1]}) 14... Nxd5 $1 15. Nf5 N5f6
{[%csl Gg4]} (15... Nxc3 16. bxc3 Nc5 17. Qg4 g6 18. Nxh6+ Kh8 19. Bc2 $40 {
[%cal Gf4f5]}) 16. fxe5 Nxe5 17. Bxh6 $1 gxh6 18. Nxh6+ Kh8 19. Rxf6 $1 Bxf6
20. Qh5 $11 Nxd3 21. Ng4+ Kg8 22. Nh6+ Kh8 {1/2-1/2 Dizdar,G-Lisenko,A/
Vinkovci 1993/EXP 38 (22)}) 12... a6 {[%cal Gb6b5]} 13. a4 O-O 14. Ra2 $1 {
[%cal Ga2f2] Baburin: 'This is a fine example of a rook lift. This rook had
little to do on the queenside, while shifting it to the opposite wing will
help a lot to build up an attack there.'} (14. f5 $2 Nxd5 {[%csl Rg5]}) 14...
h6 (14... exf4 15. Bxf4 Re8 16. Raf2 Bf8 17. Nge4 $16 {[%csl Rf7]}) 15. Raf2 $1
(15. Nh3) 15... exf4 (15... hxg5 16. fxg5 {[%mdl 128]} Ne8 (16... Nh7 $143 17.
Bxh7+ Kxh7 18. Qh5+ Kg8 19. Rxf7 Rxf7 (19... Qe8 20. g6) 20. Qxf7+ Kh8 21. Rf3
$18) 17. Qh5 {winning easily} ({Also interesting} 17. Rxf7 $5 Rxf7 18. Rxf7 e4
$1 (18... Kxf7 19. Qh5+ Kf8 20. Qh8+ Kf7 21. g6+ Kf6 22. Qh4#) 19. Bxe4 Ne5 20.
Rf1 g6 (20... Bxg5 21. Qh5 Bf6 22. g4 {[%cal Gg4g5]} Nf7 23. g5 {with desicive
attack.}) 21. h4 ({nothing gives} 21. Bxg6 $2 Nxg6 22. Qh5 Ne5 23. g6 Nf6 24.
Rxf6 Bxf6 25. Qh7+ Kf8) 21... Ng7 22. Bf4 $1 $16 {[%csl Rg6]}) 17... g6 (17...
e4 18. Bxe4 g6 19. Bxg6 fxg6 20. Qxg6+ Ng7 21. Rf7 Rxf7 22. Qxf7+ Kh8 23. Rf3
$18) 18. Bxg6 (18. Qh6 {Baburin} e4 19. Nxe4 Ne5 20. Rf4) 18... fxg6 19. Qxg6+
Ng7 20. Rf7 Rxf7 21. Qxf7+ Kh8 22. Rf3 {[%cal Gf3h3] and white wins}) 16. Nh3
Ne5 (16... g5 17. Nxf4 $1 {[%mdl 128]} gxf4 18. Bxf4 {Baburin: 'Black would
not survive, having some of his pieces cut off from his weak king.'} Ne5 (18...
Kg7 19. Bxh6+ Kxh6 20. Qd2+ Kg7 21. Qg5+ Kh8 22. Qh6+ Kg8 23. Rxf6 $18) 19. Bf5
(19. Bxh6 $2 Nfg4) 19... Rb8 (19... Rc7 {[%cal Gb7c8]} 20. Bxh6 Re8 21. Be3 $1
$16) 20. Bxh6 Re8 21. Qd2 {with very dangerous attack.}) 17. Bb1 {'!' Baburin.
Baburin: 'It's important to keep this bishop, which can be used in the attack
later. Now White threatens to play Nxf4 and then to build up a battery on the
b1-h7 diagonal: playing Qc2 and Nh5, he would launch a devastating attack.'} (
17. Bf5 Nfd7 18. Nxf4 $5 $36) (17. Nxf4) 17... f3 $1 {Baburin: 'Closing one
file for the enemy rooks, Black, alas, opens another one for them!'} (17... g5
$5 18. Qc2 $3 {[%csl Yh7][%cal Gh3f4]} (18. Nxf4 gxf4 19. Bxf4 Nfg4 20. Re2 (
20. Qc2 f5) 20... Bg5 $17) (18. Bf5 Rb8 {[%cal Gb7c8]} 19. Nxf4 (19. g3 f3)
19... gxf4 20. Bxf4 Kg7 21. Qd2 Rh8 $17) 18... Kg7 (18... b5 19. Nxf4 gxf4 20.
Bxf4 bxc4 21. Bxe5 dxe5 22. Rxf6 {and white wins.}) (18... Qd7 19. Nxf4 gxf4
20. Rxf4) 19. Nxf4 (19. Qf5 {[%cal Gh3g5]} Qd7) 19... gxf4 20. Bxf4 Ng6 21. Be3
$16 {[%cal Ge3d4]}) (17... Nfd7 18. Nxf4 $16 {[%cal Gd1c2]}) 18. gxf3 Re8 (
18... Qd7 19. Nf4 (19. Kg2 $6 b5 $1 20. axb5 axb5 21. Nxb5 Bxd5 $15) 19... Rfe8
20. Nfe2 $16 {[%cal Ge2d4]} Qh3 $140 $2 21. Nd4 g6 22. Rg2 {[%cal Gb1f5]} Kh7
23. Qd2 {[%cal Gf3f4,Gf4f5]}) 19. Rg2 {[%cal Gc1h6] '!' Baburin.} Kh8 20. f4
$16 Ned7 21. Ng5 $1 Kg8 (21... hxg5 22. fxg5 Nh7 23. Bxh7 Kxh7 24. Qh5+ Kg8 25.
Qxf7+ Kh8 26. Rg4) 22. Kh1 $1 {[%cal Gf1g1] black hopeless against white's
attack.} Bf8 23. Bb2 {Baburin: 'It's interesting that my computer 'assesses'
this position as equal, failing to realise that after a few further moves like
Rfg1, Qc2 and Nh7, Black's position will simply fall apart. White's attack
along the g-file, supported by all his minor pieces and the queen would be
unbearable.'} Re7 {'?!' Baburin.} 24. Nge4 Re8 25. Rfg1 Rc7 (25... Nc5 {Baburin
} 26. Nxf6+ Qxf6 27. Qc2 g6 28. Nd1 $18) 26. Qd4 $18 {Super domination of
white piecies and no wonder , that one move is enough for white to win this
game.} Kh8 27. Nxd6 $1 {after 27...Bd6 28Rg7 threating 29Rh7 mate black's
position hopeless.} 1-0

[Event "Petermaennchen GM"]
[Site "Schwerin"]
[Date "1999.08.10"]
[Round "3"]
[White "Levin, Felix"]
[Black "Petrosian, Arshak B"]
[Result "1-0"]
[WhiteElo "2531"]
[BlackElo "2514"]
[Annotator "Avrukh,B"]
[PlyCount "107"]
[EventDate "1999.08.09"]
[EventType "tourn"]
[EventRounds "9"]
[EventCountry "GER"]
[EventCategory "10"]
[SourceTitle "CBM 073"]
[Source "ChessBase"]
[SourceDate "1999.12.01"]
[SourceVersion "1"]
[SourceVersionDate "1999.12.01"]
[SourceQuality "1"]

1. d4 Nf6 2. c4 e6 3. Nf3 Bb4+ 4. Nbd2 O-O 5. a3 Bxd2+ 6. Qxd2 b6 7. e3 Bb7 8.
b3 d6 (8... Ne4 9. Qc2 f5 10. Bd3 d6 11. Bb2 Nd7 12. O-O Rf6 {[%cal Gf6g6]} 13.
c5 {[%csl Gd5]} (13. d5 Rg6 14. Nd4 $5) 13... Bd5 14. cxd6 cxd6 15. Rfc1 Rg6
16. Bc4 Bb7 17. d5 e5 $13 {Smyslov,V-Seirawan,Y/Montpellier ct 1985/1/2-1/2 
(58)}) 9. Bb2 Nbd7 10. Be2 Ne4 (10... Qe7 11. O-O Ne4 12. Qc2 f5 13. Ne1 {
[%cal Gf2f3]} c5 14. f3 Nef6 15. Nd3 Rac8 16. dxc5 bxc5 (16... dxc5 $142 17.
Rad1 e5 18. Nf2 $14 {[%cal Gd1d2,Gf1d1]}) 17. Rfd1 e5 18. Nf2 Ne8 19. b4 Rf6
20. b5 $16 {Kozul,Z-Hulak,K/CRO-Cup 1995/1/2-1/2 (54)}) 11. Qd3 $146 (11. Qc2
f5 12. Bd3 $6 Qe7 13. O-O-O c5 14. Rhg1 cxd4 15. Nxd4 Ndc5 16. f3 Nxd3+ 17.
Rxd3 Nc5 18. Rc3 Rac8 $15 {0-1 Olafsson,F-Hort,V/Wijk 1983 (54)}) 11... f5 12.
O-O Rf6 (12... Qe7 $142 13. Nd2 Nxd2 14. Qxd2 e5 $11) 13. d5 Rh6 (13... e5 14.
Ne1 {[%cal Gf2f3]}) 14. g3 {[%cal Gf3d4]} e5 15. Nh4 $6 (15. Ne1 $14 {[%cal
Gf2f3,Ge1g2] was more accurate}) 15... g6 $2 {[%csl Gh6]} (15... Rxh4 $1 16.
gxh4 Qxh4 17. f3 Ng3 $1 18. Rf2 (18. hxg3 $2 Qxg3+ 19. Kh1 Rf8 $19 {[%cal
Gf8f6,Gf6h6]}) 18... Nc5 19. Qd1 Nxe2+ 20. Rxe2 Qg5+ 21. Kh1 c6 22. b4 Nd7 $44)
16. Ng2 b5 $2 (16... c6 17. dxc6 Bxc6 18. b4 $1 $16 {[%csl Gc5,Rd6][%cal Gf2f3]
}) (16... Qe7 $142 17. b4 {[%csl Gc5]} Nef6 $14) 17. cxb5 Nb6 18. Rad1 Nxd5 (
18... Bxd5 {[%cal Ge4c5]} 19. Qc2 $16 {[%cal Gd1d5,Ge2c4]}) 19. Qc4 Nef6 20. e4
(20. g4 $142 {[%cal Gg4g5]} a6 21. g5 axb5 22. Qd3 Rh3 23. gxf6 Qxf6 24. Qxb5
Nb6 {[%cal Gb7a6]} 25. Qb4 {[%csl Gh4]} Qg5 26. f3 Qh5 27. Rxd6 $1 Rxh2 28.
Rxb6 Rh1+ 29. Kf2 Rxf1+ 30. Kxf1 cxb6 31. Qxb6 $18) (20. f4 $142 $1 Qe7 21.
fxe5 dxe5 22. e4 fxe4 23. Rxf6 $18) 20... fxe4 21. Bc1 (21. Ne3 Qd7 {[%cal
Gd7h3]} 22. g4 Rh4 23. Nxd5 Nxd5 24. Rxd5 Rxg4+ 25. Kh1 Qf7 {[%cal Gb7h1]} 26.
Rxd6 $3 e3+ 27. Rc6 $18) 21... Kg7 22. Bxh6+ Kxh6 23. Ne3 (23. f4 $5 Qe7 24. g4
exf4 25. Nxf4 Nxf4 26. Rxf4 {[%csl Gh6] looks even more stronger, than
continuation in the game.}) 23... Nxe3 24. fxe3 Kg7 (24... d5 $2 {[%csl Ge5]}
25. Qc5 Nd7 26. Qc3 Rc8 27. Bg4 $18) 25. Qe6 $1 {Very strong decision-white
decides to transformate position with exchange up to the position with only
one pawn up,but without any real counterplay from black.} Bc8 26. Qxe5 Bh3 27.
Qc3 $1 {[%csl Gc7]} Bxf1 28. Rxf1 Qe7 (28... h5 {[%csl Gg4]} 29. Rc1 Rc8 30.
Qa5 $1 $16) 29. Rc1 Rc8 30. Bg4 Re8 31. Bh3 Kh6 32. Qxc7 Qe5 33. Qxa7 {[%cal
Ga7d4]} (33. Qf7 Nd5) 33... Qxb5 34. Qd4 $2 $138 (34. Qf7 $1 Qe5 35. Rc7 Ra8
36. a4 {wins easily}) 34... Qxb3 35. Rc7 Qb1+ $6 (35... Nd5 $2 36. Qg7+ Kg5 37.
Rf7 $1 {[%cal Gf7f5]} Qxe3+ 38. Kh1 $18) (35... Rf8 36. Rc1 (36. a4 $2 Qb1+ 37.
Kg2 Ne8 $1 $19 {[%cal Gb1f1]}) (36. Bf1 Qxa3 37. h3 $6 Nh5 {[%csl Gg3]}) 36...
Qxa3 37. Rf1 Kg7 (37... Qc5 38. Qxc5 dxc5 39. Rc1 Nd5 40. Rxc5 Nxe3 41. Re5 $11
) 38. Rb1 $44) 36. Bf1 Re5 {[%cal Ge5f5]} 37. Qd2 (37. Qxd6 $2 Rf5 38. Qa6 Nd5
$17) 37... Rf5 (37... Qb6) 38. Rc1 Qb6 {[%csl Ge3]} ({More easy} 38... Qb3 39.
Rc3 (39. Qc3 Qa2 40. Rc2 Qb1 41. Rc1 Qa2 $11) 39... Qb1 40. Qc1 Qxc1 41. Rxc1
Ng4 42. Bh3 (42. Bg2 Nxe3 (42... d5 43. Rc3) 43. Bxe4 Ra5 44. Rc3 d5 $11) 42...
Kg5 $11) 39. a4 Nd5 40. Re1 Qa7 $2 $138 (40... Nf6 $142 $11) (40... Qb4 $142
41. Qxb4 Nxb4 42. Rb1 Nc2 43. Rb3 Rc5 {[%cal Gd6d5,Gd5d4] and black must hold
position.}) 41. a5 $16 {[%csl Ga5] Now ,when white managed to advance his
a-pawn till a6 black is in real problem.} Ne7 42. a6 Nc6 {[%cal Gc6e5,Ge5f3]
Black sacrifices pawn in order to create some counterplay.} (42... d5 43. Qc3
$16 {[%csl Gc6][%cal Ge1a1]}) 43. Qxd6 Ne5 44. Bg2 $1 Nf3+ 45. Bxf3 exf3 46.
Kf2 {Now it's clear,that position is winning for white,but white still need to
make some accurate moves.} Qf7 47. Ra1 Qc4 48. Qd2 {White take control under
second rank and black is not able to create something serious.} Rd5 49. Qa2 Qd3
(49... Qc3 {[%cal Gd5d2]} 50. Qxd5 Qxa1 51. Qd6 $18) 50. a7 Ra5 (50... Rd8 51.
Qb2 (51. g4 $5) 51... Qe4 52. Ra2 $1 Ra8 (52... Re8 53. Qd4 $1) 53. Qb8 {
[%cal Gb8f4]} Qe6 54. Ra4 $18 (54. Rc2 $18)) 51. g4 $1 Re5 (51... Rxa7 52. Qxa7
Qe2+ 53. Kg3 Qg2+ 54. Kf4 f2 55. Qa6 $18 (55. Rf1 $2 g5+)) 52. a8=Q Qxe3+ 53.
Kg3 f2+ 54. Qf3 1-0